00529nam a22002177a 450000500170000001000110001702000090002803500110003703700160004804000120006408200150007610000190009124500390011026000410014927000140019030000250020449000300022950000190025965000210027865000120029920170124110137.0 a467706 c9.50 a467706 bCen Lib/Ret aDPLbEN a635.9bSWA aSwarup, Vishnu aGarden flowers /cby Vishnu Swarup bNational Book TrustaNew Delhic1967 bNew Delhi axii,258p. c20cm(Hb) aIndia-the land and people aIncludes index aFlowers -- India aFlowers